000 00796nam a22002537a 4500
003 dpl
005 20180818140357.0
008 180818b xxu||||| |||| 00| 0 eng d
010 _aB-220620
020 _c450.00
_a8175344776
035 _aB-220620, B-220625
037 _bCen Lib/Ret
040 _aDPL
_bEN
_c0
082 _a080
_bSIN
100 _aSinghvi, Abhishek Manu
_936144
245 _aCandid corner :
_cby Abhishek Manu Singhvi
_breflections of Abhishek Singhvi /
260 _bUniversal law publishing company
_a Delhi
_c2006
270 _aC-FF-A, Dilkhush industrial estate G.T. carnal road
_b Delhi
_e110033
300 _aix,288p.
_c23cm(Hb)
500 _aIncludes index
650 _aJudiciary
_93959
650 _aLaw
_9104
942 _2ddc
_cEN
_h080
_mSIN
999 _c132919
_d132919